00299nam a2200121Ia 450000500170000000800410001704100080005810000290006624500380009525000080013326000280014130000080016920251013221641.0251010s9999 xx 000 0 und d amar aमंत्री र. aसाप्‍ताहिकी a1ST bIndrayani Sahityac1982 a188